Statistics for Star Wars: EpisodeVI - Return of the Jedi Characters Quiz

Click here to take the quiz!

General Stats

  • This quiz has been taken 55 times
  • The average score is 14 of 17

Answer Stats

Actor/ActressDescriptionCharacter% Correct
Mark HamillOne of the last living Jedi and a skilled X-wing fighter pilotLuke Skywalker
100%
Harrison FordA rogue smuggler and Luke and Leia's friend and Leia's love interestHan Solo
100%
Kenny BakerLuke's blue-and-white astromech droidR2-D2
100%
Frank OzLuke's self-exiled Jedi master living on DagobahYoda
100%
Anthony DanielsLuke's humanoid protocol droidC-3PO
100%
Carrie FisherThe former princess of the destroyed planet Alderaan, Luke's twin sister, and Han's love interestLeia Organa
100%
James Earl JonesA powerful cyborg dark Force-powered warrior who serves as the supreme Imperial Military commanderDarth Vader
98%
Peter MayhewA loyal Wookiee and Han's longtime companionChewbacca
96%
Sebastian ShawLuke and Leia's fatherAnakin Skywalker
94%
Billy Dee WilliamsThe former Baron Administrator of Cloud City and one of Han's companionsLando Calrissian
94%
Jeremy BullochA bounty hunterBoba Fett
90%
Alec GuinnessLuke's deceased Jedi masterObi-Wan Kenobi
86%
Ian McDiarmidThe scarred and deformed founder and supreme ruler of the Galactic Empire and Vader's masterEmperor
74%
Warwick DavisAn Ewok who leads Leia and eventually her friends to the Ewok tribeWicket W. Warrick
68%
Caroline BlakistonA co-founder and leader of the Rebel AllianceMon Mothma
56%
Kenneth ColleyThe Empire's top admiralAdmiral Piett
38%
Michael PenningtonThe commander of the second Death StarMoff Jerjerrod
20%

Score Distribution

Percentile by Number Answered

Percent of People with Each Score

Your Score History

You have not taken this quiz